| 000 | 00980cam a22002891 4500 | ||
|---|---|---|---|
| 001 | 25617 | ||
| 003 | BD-RjUL | ||
| 005 | 20211209050913.0 | ||
| 008 | 140318s1920 xx 001 0 eng | ||
| 035 | _a(BD-RjUL)25687 | ||
| 035 | _a(OCoLC)626770 | ||
| 040 |
_aDLC _cOAkU _dBD-RjUL _beng |
||
| 041 | _aeng | ||
| 082 | 0 | 0 |
_a940.22 _bTAT V-2 1920 |
| 100 | 1 |
_aTaylor, Henry Osborn, _d1856-1941. _972829 |
|
| 245 | 1 | 0 |
_aThought and expression in the sixteenth century / _cby Henry Osborn Taylor. _nVol. II |
| 260 |
_aNew York : _bMacmillan, _cc1920. |
||
| 300 |
_a432 p. ; _c23 cm. |
||
| 504 | _aBibliographical foot-notes. | ||
| 504 | _aIncludes index. | ||
| 505 | 0 | _aVol. I. book I. The humanism of Italy. book II. Erasmus and Luther. book III. The French mind.--vol. II. book IV. England. book V. Philosophy and science. | |
| 650 | 0 |
_aHumanism. _978719 |
|
| 651 | 0 |
_aEurope _xIntellectual life. _978720 |
|
| 942 |
_2ddc _cBK |
||
| 999 |
_c25617 _d25617 |
||